B ile başlayan şarkılar - Statistics

General Stats
  • This quiz has been taken 3 times
  • The average score is 7 of 15
Answer Stats
Şarkı Sözleri Şarkının Adı % Correct
Yine seni sevmekten başka Hiçbir şey yapmadım bugün Eni konu çaldı telefonlarım Boşver bakmadım bugün Ne gazete okudum ne de bi haber Derdi yasakladım bugün Kaç öpücük olmuş inanamazsın Aşkı hesapladım bugün Dün geceyle tam 3 ay 1 gün Dün geceyle tam 3 ay 1 gün Bağdat
100%
Anadolu bir yanda, yiğit yaşar koynunda Âşıklar destan yazar dağlarda Kuzusuna, kurduna, Yunus'una, Emrah'a Bütün âlem kurban benim yurduma Bir Başkadır Benim Memleketim
100%
Anlatırken tut elimi Uykuya dalıp gitsem bile Bırakıp gitme sakın beni Anlatırken tut elimi Uykuya dalıp gitsem bile Bırakıp gitme sakın beni Bana Bir Masal Anlat Baba
67%
Bakışıp da görüşemedik seninle Uzanıp da erişemedik doğru dürüst Amacımızın ucuna da varmışken Başka kızlar senin neyine Ben seni herkeslerden Daha daha iyi tanırım Hem ben sana herkeslerden Daha daha iyi bakarım Bandıra Bandıra
67%
Gizleme benden çekinme söyle Yollarıma çık yürekli ol Saklanma benden derdini söyle Sen karşıma çık yürekli ol Kaçırma gözlerini Dinle kalp sesini Söyle seviyorsan yürekli ol Be Adam
67%
Gül renginde gün doğarken Boğazdan gemiler usulca geçerken Gel çıkalım bu şehirden Ağaçlar gökyüzü ve toprak uyurken Dolaşalım kumsallarda Çılgın kalabalık artık uzaklarda Yorulursan yaslan bana Sarılıp uyuyalım gün batımında Belki Üstümüzden Bir Kuş Geçer
67%
Herkes neden düşman? Herkes neden düşman? Unuttuk hepsini, Nuh'un nefesini Gelme yanıma, sen başkasın, ben başka Bir Derdim Var
67%
Gözlerim tükendi bu akşam Neden Allah’ım bu ceza? Bedenim donuk, ellerim soğuk Ayrılık var, yine yalnızım Bebeğim
33%
Hislerim seni ele veriyor Sen sevilecek yarımsın Ellerim hep seni arıyor Yerin yurdun yanımdır Nazlısın, hakkındır Buraya yazıyorum, benim olacaksın Cilvelisin, yakışır Buraya yazıyorum, benim olacaksın Ben Güzelden Anlarım
33%
Dokunsam ağlar mısın? Düşünüp o yılları Bir dokun, bin ah işittim senden Bu kadar kolaymıydı, vazgeçmek benden Ağlasam duyarmısın feryadımı Yüzüme bakarmısın son kez İçimde yorgunluğun mutsuzluğun Sebebi bir tek sensin bu umutsuzluğun Bilsem Ki
33%
Mutlu ol, iyi bak kendine Ne olur gözüm arkada kalmasın Uzun uzun seneler var önünde Gün gelir, sevgilim, acıya alışırsın Alışırsın Bu Gece Son
33%
Bir öpücük ver bana yalvarıyorum sana beni kucaklasana kollarına alsana şöyle böyle hiç mi beni sevmedin Bekledim de Gelmedin
0%
Sil gözünün yalnızlıklarını O an fısılda duvarlara adımı Bin bıçak var sırtımda Biniyle de adaşsın Herbiri hayran sana Belki Bir Gün Özlersin
0%
Beni bekliyorsan, uyumamışsan Sevinçten kapında ölebilirim Beni bekliyorsan, uyumamışsan Sevinçten kapında ölebilirim Bir Gece Ansızın Gelebilirim
0%
Ben bir zaman kaybıyım, beni boş ver, hocam Düşlerimden geçenleri kitaplarda bulamiy'ca'm Hangi deniz nereye dökülüyor, bana ne ben içimde boğulurken? Hala aşkın olduğu bi' yer varsa söyle, dokunulmazsam ölüce'm Boş Ders Şarkısı
0%
No matching quizzes found
Score Distribution
Percent of People with Each Score
Percentile by Number Answered
Your Score History
You have not taken this quiz